Tiếng Việt thực hành /
Hướng dẫn những kỹ năng chung nhất về tạo lập và tiếp nhận văn bản đến kỹ thuật viết luận văn và tiểu luận khoa học trong nhà trường. Rèn luyện kỹ năng đặt câu và dùng từ: Chữa các lỗi thường gặp về đặt câu và dùng từ trong văn bản...
Tallennettuna:
| Päätekijä: | |
|---|---|
| Muut tekijät: | |
| Aineistotyyppi: | Kirja |
| Kieli: | Vietnamese |
| Julkaistu: |
H. :
NXB Giáo dục,
2005.
|
| Painos: | tái bản lần 8 |
| Aiheet: | |
| Tagit: |
Lisää tagi
Ei tageja, Lisää ensimmäinen tagi!
|
| Thư viện lưu trữ: | Mạng thư viện Đại học Đà Nẵng |
|---|
| LEADER | 01384nam a22003251a 4500 | ||
|---|---|---|---|
| 001 | 000038874 | ||
| 003 | 15169 | ||
| 005 | 20230330102507.0 | ||
| 008 | 160412s2005 000 | ||
| 020 | |c 14400 | ||
| 041 | 0 | |a vie | |
| 082 | |a 495.922 |b BU-T | ||
| 100 | 1 | |a Bùi Minh Toán | |
| 245 | 1 | 0 | |a Tiếng Việt thực hành / |c Bùi Minh Toán, Lê A, Đỗ Việt Hùng. |
| 250 | |a tái bản lần 8 | ||
| 260 | |a H. : |b NXB Giáo dục, |c 2005. | ||
| 300 | |a 275tr ; |c 20cm. | ||
| 520 | |a Hướng dẫn những kỹ năng chung nhất về tạo lập và tiếp nhận văn bản đến kỹ thuật viết luận văn và tiểu luận khoa học trong nhà trường. Rèn luyện kỹ năng đặt câu và dùng từ: Chữa các lỗi thường gặp về đặt câu và dùng từ trong văn bản | ||
| 630 | 0 | |a Tiếng việt |b thực hành | |
| 653 | |a Bùi Minh Toán,2005,Tiếng Việt thực hành | ||
| 700 | 1 | |a A,Lê |a Việt Hùng,Đỗ | |
| OWN | |a LNN | ||
| 902 | |a Tham khao TV | ||
| AVA | |a UDN50 |b LNN |d 495.922 BU-T |e check_holdings |t Error 5003 Not defined in file expand_doc_bib_avail. |h N | ||
| 999 | |a From the UDN01 | ||
| AVA | |a UDN50 |b LNN |d 495.922 BU-T |e available |t Error 5001 Not defined in file expand_doc_bib_avail. |f 45 |g 0 |h N |i 0 | ||
| TYP | |a Monograph | ||
| 980 | |a Mạng thư viện Đại học Đà Nẵng | ||